Tate McRae - i used to think i could fly - Statistics

General Stats
  • This quiz has been taken 44 times
    26 since last reset
  • The average score is 11 of 14
Answer Stats
2022 i used to think i could fly % Correct
8 she's all i wanna be
100%
5 chaotic
93%
13 i still say goodnight
93%
4 what would you do?
87%
9 boy x
80%
2 don't come back
80%
11 feel like shit
80%
12 go away
80%
6 hate myself
80%
3 i'm so gone
80%
7 what's your problem?
80%
14 what's your problem?
80%
1 ?
53%
10 you're so cool
47%
No matching quizzes found
Score Distribution
Percent of People with Each Score
Percentile by Number Answered
Your Score History
You have not taken this quiz since the last reset